[Event "Liga Madrileña - DH 2015-2016"]
[Site "Madrid ESP"]
[Date "2016.02.14"]
[Round "10.32"]
[White "Beltran de Heredia Eguiaz, Miguel Angel"]
[Black "Fernandez Blazquez, Diego"]
[Result "1/2-1/2"]
[WhiteElo "2190"]
[BlackElo "2229"]
[PlyCount "62"]
[EventDate "2015.11.22"]
[EventType "team-tourn"]
[EventRounds "14"]
[EventCountry "ESP"]
[Source "lmi"]
[SourceDate "2015.11.22"]
[WhiteTeam "Vallecas CDV"]
[BlackTeam "San Fernando de Henares"]
[WhiteTeamCountry "ESP"]
[BlackTeamCountry "ESP"]

1. e4 e6 2. d4 d5 3. Nd2 Nf6 4. e5 Nfd7 5. Bd3 c5 6. c3 Nc6 7. Ne2 cxd4 8. cxd4
f6 9. exf6 Nxf6 10. Nf3 Bd6 11. O-O Qc7 12. Bg5 O-O 13. Bh4 Nh5 14. Qc2 h6 15.
Bg6 Rxf3 16. gxf3 Bxh2+ 17. Kh1 Nf4 18. Ng3 e5 19. Kxh2 Qd6 20. Bh7+ Kh8 21.
Rad1 g6 22. Ne2 Kxh7 23. dxe5 Qxe5 24. Nxf4 Qxf4+ 25. Bg3 Qxf3 26. Qc5 d4 27.
Rxd4 Nxd4 28. Qe7+ Kg8 29. Qe8+ Kh7 30. Qe7+ Kg8 31. Qe8+ Kh7 1/2-1/2

[Event "Liga Madrileña - DH 2015-2016"]
[Site "Madrid ESP"]
[Date "2016.02.14"]
[Round "10.33"]
[White "Jimenez Lopez, Antonio"]
[Black "Montanes Arribas, Adrian"]
[Result "0-1"]
[WhiteElo "2142"]
[BlackElo "2173"]
[PlyCount "114"]
[EventDate "2015.11.22"]
[EventType "team-tourn"]
[EventRounds "14"]
[EventCountry "ESP"]
[Source "lmi"]
[SourceDate "2015.11.22"]
[WhiteTeam "San Fernando de Henares"]
[BlackTeam "Vallecas CDV"]
[WhiteTeamCountry "ESP"]
[BlackTeamCountry "ESP"]

1. e4 c5 2. Nf3 d6 3. c3 Nf6 4. h3 Nc6 5. Bd3 d5 6. e5 Nd7 7. Bb5 e6 8. O-O a6
9. Bxc6 bxc6 10. d3 Be7 11. Re1 O-O 12. c4 Qc7 13. Bf4 Re8 14. Nc3 Nf8 15. Bg3
Qb6 16. Qc2 Bd7 17. Rad1 Rac8 18. d4 cxd4 19. Na4 Qa7 20. c5 a5 21. Rxd4 Rb8
22. Bh4 Bc8 23. Bxe7 Qxe7 24. Nb6 Nd7 25. Nxd7 Bxd7 26. Re3 Rb5 27. Rc3 Reb8
28. b3 Be8 29. Rh4 h6 30. Qc1 Rb4 31. Rxb4 axb4 32. Rc2 f6 33. Qf4 f5 34. h4
Bd7 35. a4 bxa3 36. Qa4 g5 37. hxg5 hxg5 38. Qxa3 g4 39. Nd4 Qg7 40. f4 g3 41.
b4 Qg4 42. Ne2 Kf7 43. Qa7 Rd8 44. b5 Kg6 45. b6 d4 46. Qa3 Bc8 47. Rd2 d3 48.
Rxd3 Qxe2 49. Rxg3+ Kf7 50. Qa7+ Rd7 51. Qa8 Qe1+ 52. Kh2 Rd1 53. Rh3 Qh1+ 54.
Kg3 Qe1+ 55. Kh2 Qg1+ 56. Kg3 Rd3+ 57. Kh4 Qxg2 0-1

[Event "Liga Madrileña - DH 2015-2016"]
[Site "Madrid ESP"]
[Date "2016.02.14"]
[Round "10.34"]
[White "Martin Garcia, Guillermo Li"]
[Black "Garrido Olivares, Ricard"]
[Result "1-0"]
[WhiteElo "2165"]
[BlackElo "2155"]
[PlyCount "91"]
[EventDate "2015.11.22"]
[EventType "team-tourn"]
[EventRounds "14"]
[EventCountry "ESP"]
[Source "lmi"]
[SourceDate "2015.11.22"]
[WhiteTeam "Vallecas CDV"]
[BlackTeam "San Fernando de Henares"]
[WhiteTeamCountry "ESP"]
[BlackTeamCountry "ESP"]

1. e4 c6 2. d4 d5 3. Nc3 dxe4 4. Nxe4 Bf5 5. Ng3 Bg6 6. Bc4 Nf6 7. N1e2 e6 8.
O-O Nbd7 9. f4 Nb6 10. Bd3 Bxd3 11. Qxd3 g6 12. f5 exf5 13. Nxf5 gxf5 14. Bg5
Rg8 15. Qxf5 Qd5 16. Qxf6 Rxg5 17. Nf4 Qf5 18. Rae1+ Kd7 19. Nh5 Qxf6 20. Nxf6+
Kc7 21. Ne8+ Kd8 22. Rxf7 Nd7 23. Nf6 Rg7 24. Re8+ Kc7 25. Rfxf8 Nxf8 26. Rxa8
Rf7 27. Ng4 Ne6 28. c3 Nf4 29. g3 Nd3 30. Ne5 Nxe5 31. dxe5 Re7 32. Rf8 Rxe5
33. Rf7+ Kb6 34. Rxh7 Re2 35. g4 Rxb2 36. g5 Rxa2 37. g6 Ra4 38. g7 Rg4+ 39.
Kf2 a5 40. h3 Rg6 41. h4 a4 42. h5 Rg5 43. h6 a3 44. Rh8 a2 45. Ra8 Ra5 46.
Rxa5 1-0

[Event "Liga Madrileña - DH 2015-2016"]
[Site "Madrid ESP"]
[Date "2016.02.14"]
[Round "10.35"]
[White "Nunez Miranda, Adrian"]
[Black "Montoya Pecurul, Marc"]
[Result "0-1"]
[WhiteElo "2085"]
[BlackElo "2123"]
[PlyCount "80"]
[EventDate "2015.11.22"]
[EventType "team-tourn"]
[EventRounds "14"]
[EventCountry "ESP"]
[Source "lmi"]
[SourceDate "2015.11.22"]
[WhiteTeam "San Fernando de Henares"]
[BlackTeam "Vallecas CDV"]
[WhiteTeamCountry "ESP"]
[BlackTeamCountry "ESP"]

1. e4 c5 2. Nf3 e6 3. d4 cxd4 4. Nxd4 Nc6 5. Nc3 Qc7 6. Be3 a6 7. Qd2 Nf6 8. a3
Be7 9. Be2 b5 10. f4 Bb7 11. e5 Nxd4 12. Bxd4 Ne4 13. Nxe4 Bxe4 14. Bd3 Bh4+
15. Bf2 Bxf2+ 16. Kxf2 Bb7 17. Rhe1 h5 18. h4 Qd8 19. g3 Rc8 20. Qe3 Qc7 21.
Rad1 Qc6 22. Re2 O-O 23. c3 Rfd8 24. Be4 Qc7 25. Rd6 a5 26. Qf3 Rb8 27. Qxh5
Bxe4 28. Rxe4 Qc5+ 29. Red4 b4 30. axb4 axb4 31. c4 Rb6 32. Qd1 Rxd6 33. exd6
Ra8 34. Qd2 Ra1 35. Qe3 Rh1 36. Qe5 Qa7 37. f5 Qa1 38. fxe6 Qf1+ 39. Ke3 Qe1+
40. Kf4 Rf1+ 0-1

[Event "Liga Madrileña - DH 2015-2016"]
[Site "Madrid ESP"]
[Date "2016.02.14"]
[Round "10.36"]
[White "Ambrona Castellanos, Miguel"]
[Black "Rodriguez Lopez, Ruben"]
[Result "1-0"]
[WhiteElo "2012"]
[BlackElo "1949"]
[PlyCount "119"]
[EventDate "2015.11.22"]
[EventType "team-tourn"]
[EventRounds "14"]
[EventCountry "ESP"]
[Source "lmi"]
[SourceDate "2015.11.22"]
[WhiteTeam "Vallecas CDV"]
[BlackTeam "San Fernando de Henares"]
[WhiteTeamCountry "ESP"]
[BlackTeamCountry "ESP"]

1. e4 c5 2. Nf3 Nc6 3. d4 cxd4 4. Nxd4 Nf6 5. Nc3 d6 6. Bc4 e6 7. Be3 Be7 8.
O-O a6 9. a4 Qc7 10. Qe2 O-O 11. h3 Bd7 12. Nxc6 Bxc6 13. Bd3 d5 14. exd5 Nxd5
15. Nxd5 Bxd5 16. Bd4 Qf4 17. Qe5 Qxe5 18. Bxe5 Rac8 19. b3 Rfd8 20. Rad1 f6
21. Bb2 Bb4 22. c4 Bc6 23. Be2 Kf7 24. Bd4 Ba5 25. f3 Rd7 26. Be3 Rcd8 27.
Rxd7+ Rxd7 28. Rd1 Rxd1+ 29. Bxd1 Bb4 30. Kf2 e5 31. Bc2 g6 32. g4 b5 33. axb5
axb5 34. Be4 Bxe4 35. fxe4 bxc4 36. bxc4 Ke6 37. Ke2 Kd6 38. Kd3 Kc6 39. Bf2
Be7 40. Bg3 Bd6 41. Bh2 Kc5 42. Bg1+ Kc6 43. Be3 Be7 44. Bc1 Kb6 45. Bb2 Bd6
46. Bc3 h6 47. Bd2 g5 48. Kc3 Kc5 49. Be3+ Kc6 50. Kb3 Be7 51. Bd2 Bd8 52. Bb4
Kb6 53. Bf8 Kc6 54. Kb4 Kb6 55. c5+ Kc6 56. Kc4 Kd7 57. Kd5 Bc7 58. c6+ Ke8 59.
Bd6 Bb6 60. Ke6 1-0

[Event "Liga Madrileña - DH 2015-2016"]
[Site "Madrid ESP"]
[Date "2016.02.21"]
[Round "11.11"]
[White "Roa Alonso, Santiago"]
[Black "Rubio Mejia, Luis Ignacio"]
[Result "0-1"]
[WhiteElo "2380"]
[BlackElo "2457"]
[PlyCount "52"]
[EventDate "2015.11.22"]
[EventType "team-tourn"]
[EventRounds "14"]
[EventCountry "ESP"]
[Source "lmi"]
[SourceDate "2015.11.22"]
[WhiteTeam "Vallecas CDV"]
[BlackTeam "Virgen de Atocha"]
[WhiteTeamCountry "ESP"]
[BlackTeamCountry "ESP"]

1. e4 c5 2. Nf3 d6 3. d4 cxd4 4. Nxd4 Nf6 5. Nc3 a6 6. Be2 e5 7. Nf3 Be7 8. Bg5
Be6 9. Bxf6 Bxf6 10. Nd5 Bxd5 11. Qxd5 Qc7 12. O-O Nd7 13. c3 O-O 14. a4 Be7
15. Rfe1 Nf6 16. Qc4 Rac8 17. Qxc7 Rxc7 18. Bf1 Nd7 19. Nd2 Rfc8 20. g3 Kf8 21.
h4 Nf6 22. a5 Rc5 23. Nb3 R5c6 24. Ra4 R8c7 25. Nd2 Nd7 26. Bc4 b5 0-1

[Event "Liga Madrileña - DH 2015-2016"]
[Site "Madrid ESP"]
[Date "2016.02.21"]
[Round "11.12"]
[White "Almagro Llamas, Pablo"]
[Black "Beltran de Heredia Eguiaz, Miguel Angel"]
[Result "1-0"]
[WhiteElo "2429"]
[BlackElo "2190"]
[PlyCount "77"]
[EventDate "2015.11.22"]
[EventType "team-tourn"]
[EventRounds "14"]
[EventCountry "ESP"]
[Source "lmi"]
[SourceDate "2015.11.22"]
[WhiteTeam "Virgen de Atocha"]
[BlackTeam "Vallecas CDV"]
[WhiteTeamCountry "ESP"]
[BlackTeamCountry "ESP"]

1. d4 Nf6 2. Nf3 g6 3. c4 Bg7 4. Nc3 O-O 5. e4 d6 6. Be2 e5 7. dxe5 dxe5 8. O-O
c6 9. b4 Qe7 10. b5 Nbd7 11. Qc2 cxb5 12. Nxb5 Nc5 13. Ba3 Bd7 14. Nc3 b6 15.
Nd2 Be6 16. Nb3 Nfd7 17. Rad1 Rac8 18. Nb5 a6 19. Nc3 Rfe8 20. Na4 Rc6 21. Rb1
Qh4 22. Nbxc5 Nxc5 23. Bxc5 bxc5 24. Nc3 g5 25. Rfd1 g4 26. g3 Qh3 27. Bf1 Qh5
28. Qa4 Rec8 29. Rd8+ Rxd8 30. Qxc6 Bf8 31. Nd5 Bxd5 32. cxd5 Rd6 33. Qc8 Rh6
34. Bg2 Qxh2+ 35. Kf1 Kg7 36. Rb8 Bd6 37. Qh8+ Kg6 38. Rg8+ Kh5 39. Qg7 1-0

[Event "Liga Madrileña - DH 2015-2016"]
[Site "Madrid ESP"]
[Date "2016.02.21"]
[Round "11.13"]
[White "Montanes Arribas, Adrian"]
[Black "Espinosa Aranda, Angel"]
[Result "0-1"]
[WhiteElo "2173"]
[BlackElo "2401"]
[PlyCount "82"]
[EventDate "2015.11.22"]
[EventType "team-tourn"]
[EventRounds "14"]
[EventCountry "ESP"]
[Source "lmi"]
[SourceDate "2015.11.22"]
[WhiteTeam "Vallecas CDV"]
[BlackTeam "Virgen de Atocha"]
[WhiteTeamCountry "ESP"]
[BlackTeamCountry "ESP"]

1. d4 Nf6 2. c4 e6 3. g3 c5 4. d5 exd5 5. cxd5 d6 6. Nc3 g6 7. Bg2 Bg7 8. Nf3
O-O 9. O-O Re8 10. h3 Ne4 11. Nxe4 Rxe4 12. Nd2 Re8 13. a4 Nd7 14. Ne4 Qe7 15.
Bg5 f6 16. Bf4 Ne5 17. Nc3 Bd7 18. e4 a6 19. Qe2 Nf7 20. Rfe1 f5 21. Qd2 Qf6
22. exf5 Bxf5 23. g4 Bd7 24. Ne4 Qd4 25. Qxd4 Bxd4 26. Nxd6 Nxd6 27. Bxd6 Bxb2
28. Rxe8+ Rxe8 29. Rb1 Bf6 30. Bxc5 Bxa4 31. f4 b5 32. d6 Rc8 33. Bb4 Kg7 34.
g5 Bd4+ 35. Kh2 Be3 36. Kg3 Rc4 37. Kf3 Bxf4 38. Bf1 Rxb4 39. d7 Rd4 40. d8=Q
Rxd8 41. Kxf4 h6 0-1

[Event "Liga Madrileña - DH 2015-2016"]
[Site "Madrid ESP"]
[Date "2016.02.21"]
[Round "11.14"]
[White "Plazuelo Pascual, Juan"]
[Black "Martin Garcia, Guillermo Li"]
[Result "0-1"]
[WhiteElo "2351"]
[BlackElo "2165"]
[PlyCount "98"]
[EventDate "2015.11.22"]
[EventType "team-tourn"]
[EventRounds "14"]
[EventCountry "ESP"]
[Source "lmi"]
[SourceDate "2015.11.22"]
[WhiteTeam "Virgen de Atocha"]
[BlackTeam "Vallecas CDV"]
[WhiteTeamCountry "ESP"]
[BlackTeamCountry "ESP"]

1. d4 Nf6 2. c4 g6 3. f3 Bg7 4. e4 d6 5. Nc3 O-O 6. Be3 e5 7. Nge2 Nbd7 8. Qd2
a6 9. d5 Rb8 10. g4 h5 11. g5 Ne8 12. Nc1 Qe7 13. Be2 Nc5 14. b4 Nd7 15. Nb3 b6
16. Rc1 Kh7 17. h4 f5 18. exf5 Rxf5 19. Ne4 Rf7 20. Qd3 Bh8 21. Nbd2 a5 22. a3
axb4 23. axb4 Ra8 24. Rg1 Nf8 25. Ng3 Ng7 26. Nde4 Nf5 27. Nf6+ Rxf6 28. gxf6
Bxf6 29. Bf2 Bxh4 30. Ne4 Nd4 31. Ng3 Ra2 32. Bd1 Bf5 33. Qe3 Bg5 34. Nxf5 Bxe3
35. Nxe7 Bxf2+ 36. Kf1 Bxg1 37. Kxg1 Kg7 38. c5 bxc5 39. bxc5 dxc5 40. Nc8 Ra8
41. Ne7 Kf6 42. Nc6 Nxc6 43. dxc6 Ne6 44. Kf2 Ra6 45. Bc2 Rxc6 46. Be4 Rb6 47.
Kg3 Rb2 48. Ra1 Nf4 49. Ra6+ Kg5 0-1

[Event "Liga Madrileña - DH 2015-2016"]
[Site "Madrid ESP"]
[Date "2016.02.21"]
[Round "11.15"]
[White "Montoya Pecurul, Marc"]
[Black "Horcajada Reales, Guillermo"]
[Result "0-1"]
[WhiteElo "2123"]
[BlackElo "2208"]
[PlyCount "82"]
[EventDate "2015.11.22"]
[EventType "team-tourn"]
[EventRounds "14"]
[EventCountry "ESP"]
[Source "lmi"]
[SourceDate "2015.11.22"]
[WhiteTeam "Vallecas CDV"]
[BlackTeam "Virgen de Atocha"]
[WhiteTeamCountry "ESP"]
[BlackTeamCountry "ESP"]

1. e4 e6 2. d4 d5 3. Nc3 Nf6 4. Bg5 Be7 5. e5 Nfd7 6. h4 Bxg5 7. hxg5 Qxg5 8.
Nf3 Qe7 9. Qd3 Nf8 10. O-O-O b6 11. Qe3 a6 12. Bd3 Bb7 13. Ng5 c5 14. Nxh7 Nxh7
15. Bxh7 Nc6 16. Ne2 O-O-O 17. f4 g6 18. g4 Kb8 19. Kb1 cxd4 20. Nxd4 Nxd4 21.
Qxd4 Qc5 22. c3 Qxd4 23. cxd4 Bc8 24. Kc1 Bd7 25. Kd2 Rc8 26. Rc1 Rxc1 27. Kxc1
Kc7 28. Kd2 Kd8 29. Ke3 Ke7 30. f5 exf5 31. gxf5 Bxf5 32. Bxg6 Rxh1 33. Bxf5
Rh2 34. Bc8 Rxb2 35. Bxa6 Rxa2 36. Bb7 Ra3+ 37. Ke2 Ra5 38. Bc6 f6 39. exf6+
Kxf6 40. Kd2 Kf5 41. Kc3 Ke4 0-1

[Event "Liga Madrileña - DH 2015-2016"]
[Site "Madrid ESP"]
[Date "2016.02.21"]
[Round "11.16"]
[White "Rodrigo Yanguas, Maria"]
[Black "Ambrona Castellanos, Miguel"]
[Result "1/2-1/2"]
[WhiteElo "2111"]
[BlackElo "2055"]
[PlyCount "139"]
[EventDate "2015.11.22"]
[EventType "team-tourn"]
[EventRounds "14"]
[EventCountry "ESP"]
[Source "lmi"]
[SourceDate "2015.11.22"]
[WhiteTeam "Virgen de Atocha"]
[BlackTeam "Vallecas CDV"]
[WhiteTeamCountry "ESP"]
[BlackTeamCountry "ESP"]

1. e4 c5 2. Nf3 d6 3. d4 cxd4 4. Nxd4 Nf6 5. Nc3 g6 6. Be2 Bg7 7. O-O O-O 8.
Bg5 Nc6 9. Nb3 Be6 10. Kh1 Rc8 11. f4 a6 12. f5 Bxb3 13. axb3 Ne5 14. Qd2 Rxc3
15. Qxc3 Nxe4 16. Qe3 Nxg5 17. Qxg5 Bf6 18. Qe3 Qc7 19. c3 Rc8 20. b4 Nc4 21.
Bxc4 Qxc4 22. Rf3 Qd5 23. fxg6 hxg6 24. Qd3 Qxd3 25. Rxd3 Kf8 26. Rd5 Be5 27.
b5 e6 28. bxa6 bxa6 29. Rda5 Rb8 30. R5a2 d5 31. Rd1 Rb6 32. g3 Ke7 33. Kg2 Kd6
34. Kf3 Kc5 35. Rda1 Kc4 36. Ke3 d4+ 37. Ke4 dxc3 38. bxc3 Bxc3 39. Rxa6 f5+
40. Kf3 Rxa6 41. Rxa6 Kd5 42. Ra8 Ke5 43. h4 Be1 44. Ra1 Bc3 45. Ra3 Bd2 46.
Ke2 Bh6 47. Kd3 Bf8 48. Ra8 Bd6 49. Ra6 Bb4 50. Ke3 Be1 51. Kf3 Kf6 52. Ra1 Bc3
53. Ra6 Be1 54. Rc6 Ke5 55. Rc1 Bb4 56. Rb1 Be7 57. Rb7 Bd6 58. g4 fxg4+ 59.
Kxg4 Kf6 60. Rb1 Be7 61. Rb6 Bc5 62. Rc6 Be3 63. Rc3 Bh6 64. Ra3 Bc1 65. Ra1
Bh6 66. Rf1+ Ke7 67. Kf3 e5 68. Ke4 Bf4 69. Rg1 Kf6 70. Rf1 1/2-1/2

[Event "Liga Madrileña - DH 2015-2016"]
[Site "Madrid ESP"]
[Date "2016.02.21"]
[Round "11.21"]
[White "Bolado Saez, Sergio"]
[Black "Vazquez Igarza, Renier"]
[Result "1/2-1/2"]
[WhiteElo "2359"]
[BlackElo "2565"]
[PlyCount "69"]
[EventDate "2015.11.22"]
[EventType "team-tourn"]
[EventRounds "14"]
[EventCountry "ESP"]
[Source "lmi"]
[SourceDate "2015.11.22"]
[WhiteTeam "Blanco y Negro"]
[BlackTeam "Collado Villalba"]
[WhiteTeamCountry "ESP"]
[BlackTeamCountry "ESP"]

1. d4 Nf6 2. c4 e6 3. Nf3 b6 4. a3 d5 5. Nc3 Bb7 6. cxd5 Nxd5 7. e3 g6 8. Bb5+
c6 9. Bd3 Bg7 10. O-O O-O 11. Ne4 a5 12. Bd2 Qe7 13. Re1 c5 14. dxc5 Nd7 15.
Rc1 bxc5 16. Nc3 N5b6 17. e4 Ne5 18. Nxe5 Bxe5 19. Qc2 Rfd8 20. Be3 Qd6 21.
Rcd1 Bxh2+ 22. Kh1 Be5 23. Ba6 Qe7 24. Bxb7 Qxb7 25. Bxc5 Rdc8 26. Bd4 Bxd4 27.
Rxd4 Nc4 28. Qe2 Qc6 29. e5 Qc5 30. Rd7 Nb6 31. Rd6 Nc4 32. Rd7 Nb6 33. Rd6 Nc4
34. Rd7 Nb6 35. Rd6 1/2-1/2

[Event "Liga Madrileña - DH 2015-2016"]
[Site "Madrid ESP"]
[Date "2016.02.21"]
[Round "11.22"]
[White "Arribas Lopez, Angel"]
[Black "Alarcia Astiz, Carlos"]
[Result "1-0"]
[WhiteElo "2526"]
[BlackElo "2337"]
[PlyCount "119"]
[EventDate "2015.11.22"]
[EventType "team-tourn"]
[EventRounds "14"]
[EventCountry "ESP"]
[Source "lmi"]
[SourceDate "2015.11.22"]
[WhiteTeam "Collado Villalba"]
[BlackTeam "Blanco y Negro"]
[WhiteTeamCountry "ESP"]
[BlackTeamCountry "ESP"]

1. e4 c6 2. Ne2 d5 3. e5 c5 4. b4 cxb4 5. a3 Nc6 6. Bb2 e6 7. Ng3 Qh4 8. d4 Bd7
9. Be2 g6 10. O-O h5 11. axb4 Bxb4 12. c3 Ba5 13. Nd2 Qd8 14. Bd3 Nh6 15. Nf3
a6 16. c4 h4 17. Ne2 dxc4 18. Bxc4 Ne7 19. d5 O-O 20. dxe6 Bxe6 21. Bxe6 fxe6
22. Qd6 Qxd6 23. exd6 Nc6 24. Ned4 Nxd4 25. Nxd4 Bb4 26. Nxe6 Rf7 27. Rfd1 Rd7
28. Nc7 Rad8 29. Bf6 Rb8 30. Be7 Kf7 31. g4 hxg3 32. fxg3 Nf5 33. Rf1 Kg8 34.
Nd5 Bc5+ 35. Kh1 Kg7 36. Nf6 Rxe7 37. dxe7 Bxe7 38. Nd5 Bc5 39. Rfb1 Bd6 40.
Rb6 Bc5 41. Rbb1 Bd6 42. Ra4 Kf7 43. g4 Ng7 44. Rb6 Ne8 45. Kg2 Bc5 46. Rb1 Bd6
47. h4 Ke6 48. Nf4+ Bxf4 49. Rxf4 b5 50. Re1+ Kd7 51. Rf7+ Kd6 52. Rf8 Kd7 53.
h5 gxh5 54. gxh5 Rc8 55. h6 Rc2+ 56. Kg1 Rc6 57. h7 Rh6 58. h8=Q Rxh8 59. Rxh8
Nf6 60. Rh6 1-0

[Event "Liga Madrileña - DH 2015-2016"]
[Site "Madrid ESP"]
[Date "2016.02.21"]
[Round "11.23"]
[White "Renteria Becerra, Jorge Elicer"]
[Black "Moreno Ruiz, Javier"]
[Result "0-1"]
[WhiteElo "2244"]
[BlackElo "2435"]
[PlyCount "104"]
[EventDate "2015.11.22"]
[EventType "team-tourn"]
[EventRounds "14"]
[EventCountry "ESP"]
[Source "lmi"]
[SourceDate "2015.11.22"]
[WhiteTeam "Blanco y Negro"]
[BlackTeam "Collado Villalba"]
[WhiteTeamCountry "ESP"]
[BlackTeamCountry "ESP"]

1. e4 c5 2. Nf3 g6 3. c4 Nc6 4. d4 cxd4 5. Nxd4 Bg7 6. Nc2 Nf6 7. Nc3 d6 8. Be2
O-O 9. O-O Nd7 10. Bd2 a5 11. Na3 Nc5 12. Nab5 Nd4 13. Nxd4 Bxd4 14. Bh6 Bxc3
15. Bxf8 Bxb2 16. Rb1 Bf6 17. Bh6 Nxe4 18. Rb3 Nc5 19. Rb1 Bf5 20. Rb5 Qc7 21.
Bg4 Be4 22. Bf3 Bc6 23. Bxc6 bxc6 24. Rb1 Ne6 25. Qb3 Nc5 26. Qb6 Qc8 27. Be3
Na4 28. Qb3 Nc3 29. Rb2 a4 30. Qc2 h5 31. Qd3 Nd5 32. Rbb1 Nxe3 33. Qxe3 Kg7
34. Rb6 Ra5 35. a3 Rc5 36. Rb4 Qa6 37. Rc1 Rf5 38. Rc2 c5 39. Rb1 Qc6 40. Re2
e6 41. Rd1 Bd4 42. Qd3 Rg5 43. Qh3 Rg4 44. g3 Qf3 45. Rdd2 Qxa3 46. Kg2 Qb3 47.
f3 Rg5 48. Qh4 Rf5 49. f4 Qxc4 50. Qe7 Qd5+ 51. Kh3 h4 52. Re5 dxe5 0-1

[Event "Liga Madrileña - DH 2015-2016"]
[Site "Madrid ESP"]
[Date "2016.02.21"]
[Round "11.24"]
[White "Reyes Larena, Juan"]
[Black "Iagar, Razvan Gabriel"]
[Result "1-0"]
[WhiteElo "2447"]
[BlackElo "2150"]
[PlyCount "91"]
[EventDate "2015.11.22"]
[EventType "team-tourn"]
[EventRounds "14"]
[EventCountry "ESP"]
[Source "lmi"]
[SourceDate "2015.11.22"]
[WhiteTeam "Collado Villalba"]
[BlackTeam "Blanco y Negro"]
[WhiteTeamCountry "ESP"]
[BlackTeamCountry "ESP"]

1. e4 e6 2. d3 c5 3. Nf3 Nc6 4. g3 g6 5. Bg2 Bg7 6. O-O d6 7. c3 Nge7 8. Re1
O-O 9. Nbd2 Rb8 10. a4 a6 11. Nb3 b5 12. axb5 axb5 13. d4 c4 14. Nbd2 d5 15. e5
b4 16. Nf1 bxc3 17. bxc3 Qb6 18. Ne3 Qb3 19. Qd2 Bd7 20. Ng4 Kh8 21. Nf6 Bc8
22. Ba3 Ra8 23. Bc5 Rxa1 24. Rxa1 Bb7 25. Qc1 Qb5 26. Qa3 Ra8 27. Qxa8+ Bxa8
28. Rxa8+ Nb8 29. Bxe7 Qb7 30. Ng5 Bxf6 31. Bxf6+ Kg8 32. Ra3 Nd7 33. Nf3 Nxf6
34. exf6 h6 35. Ne5 Qb8 36. h4 h5 37. Bh3 Qb7 38. Kg2 Kh7 39. Nf3 Kg8 40. Kh2
Kh7 41. Ra4 Kg8 42. Bg2 Qb8 43. Ne5 Qd8 44. Ra7 Qxf6 45. Rxf7 Qd8 46. Bh3 1-0

[Event "Liga Madrileña - DH 2015-2016"]
[Site "Madrid ESP"]
[Date "2016.02.21"]
[Round "11.25"]
[White "Shen, Yue"]
[Black "Martin Duque, Jesus"]
[Result "1-0"]
[WhiteElo "2180"]
[BlackElo "2347"]
[PlyCount "103"]
[EventDate "2015.11.22"]
[EventType "team-tourn"]
[EventRounds "14"]
[EventCountry "ESP"]
[Source "lmi"]
[SourceDate "2015.11.22"]
[WhiteTeam "Blanco y Negro"]
[BlackTeam "Collado Villalba"]
[WhiteTeamCountry "ESP"]
[BlackTeamCountry "ESP"]

1. d4 Nf6 2. c4 c6 3. Nf3 d5 4. cxd5 cxd5 5. Bf4 Nc6 6. e3 Nh5 7. Bg5 h6 8. Bh4
g5 9. Bg3 Nxg3 10. hxg3 Bg7 11. Nc3 e6 12. Bd3 Bd7 13. a3 Qe7 14. Rc1 Rd8 15.
b4 a6 16. Be2 Bc8 17. Na4 e5 18. dxe5 Nxe5 19. O-O Nc4 20. Nc3 Nxe3 21. fxe3
Qxe3+ 22. Kh2 Bxc3 23. Bd3 Bxb4 24. axb4 Be6 25. Qe2 Qxe2 26. Bxe2 Ke7 27. Rc7+
Rd7 28. Rc2 Rdd8 29. Rfc1 Rc8 30. Kg1 Rxc2 31. Rxc2 Kd6 32. Kf2 Bf5 33. Rc1 Re8
34. Rh1 Re6 35. Nd4 Rf6 36. Rxh6 Bg6+ 37. Ke3 Kc7 38. Rh1 Rb6 39. b5 axb5 40.
Nxb5+ Kd7 41. Kd4 Be4 42. Rf1 Ke7 43. Rf2 f5 44. Nc3 Ke6 45. Nxe4 Rb4+ 46. Kc5
Rxe4 47. Bd3 Re5 48. Kd4 Kf6 49. Re2 Rxe2 50. Bxe2 g4 51. Kxd5 b6 52. Bd3 1-0

[Event "Liga Madrileña - DH 2015-2016"]
[Site "Madrid ESP"]
[Date "2016.02.21"]
[Round "11.26"]
[White "Martinez Rodriguez, Pablo"]
[Black "Varela Fernandez, Andres"]
[Result "1-0"]
[WhiteElo "2259"]
[BlackElo "1994"]
[PlyCount "75"]
[EventDate "2015.11.22"]
[EventType "team-tourn"]
[EventRounds "14"]
[EventCountry "ESP"]
[Source "lmi"]
[SourceDate "2015.11.22"]
[WhiteTeam "Collado Villalba"]
[BlackTeam "Blanco y Negro"]
[WhiteTeamCountry "ESP"]
[BlackTeamCountry "ESP"]

1. e4 c5 2. Nf3 d6 3. c3 g6 4. d4 cxd4 5. Qxd4 Nf6 6. e5 dxe5 7. Qxd8+ Kxd8 8.
Nxe5 Be6 9. Nd2 Nbd7 10. Ndf3 Bg7 11. Be3 Nd5 12. Bd4 f6 13. Nxd7 Bxd7 14. Bc4
Nf4 15. O-O-O Rc8 16. Bb3 Kc7 17. Bxa7 Bg4 18. Rhe1 e5 19. Re4 Bd7 20. Bb6+
Kxb6 21. Rxd7 Bf8 22. Ne1 Bc5 23. g3 Nh3 24. Nd3 Bf8 25. Kc2 Rc7 26. Rd8 Bg7
27. Rb4+ Ka7 28. Ra4+ Kb6 29. Rd6+ Rc6 30. Rd7 Bf8 31. Ra8 e4 32. Nb4 Bxb4 33.
Rxh8 Bc5 34. Rhxh7 Nxf2 35. Rxb7+ Ka5 36. Bd5 Rc8 37. b4+ Bxb4 38. Rxb4 1-0

[Event "Liga Madrileña - DH 2015-2016"]
[Site "Madrid ESP"]
[Date "2016.02.21"]
[Round "11.31"]
[White "Candela Perez, Jose"]
[Black "Valles Moreno, Ivan"]
[Result "0-1"]
[WhiteElo "2412"]
[BlackElo "2427"]
[PlyCount "128"]
[EventDate "2015.11.22"]
[EventType "team-tourn"]
[EventRounds "14"]
[EventCountry "ESP"]
[Source "lmi"]
[SourceDate "2015.11.22"]
[WhiteTeam "La Casa del Ajedrez"]
[BlackTeam "Liberty Chess"]
[WhiteTeamCountry "ESP"]
[BlackTeamCountry "ESP"]

1. e4 e5 2. Nf3 Nc6 3. Nc3 Nf6 4. d4 exd4 5. Nxd4 Bb4 6. Nxc6 bxc6 7. Bd3 O-O
8. O-O Re8 9. Bg5 h6 10. Bh4 g5 11. Bg3 d6 12. e5 dxe5 13. Bxe5 Ng4 14. Bg3 h5
15. h3 h4 16. Bxh4 gxh4 17. hxg4 Qg5 18. Ne4 Rxe4 19. Bxe4 Bxg4 20. Bf3 Be6 21.
Bxc6 Rd8 22. Qf3 Rd6 23. Be4 Bd2 24. Qe2 Rd4 25. Bf3 Kg7 26. b3 Bf4 27. Rad1
Rb4 28. c4 Rb8 29. Rfe1 c5 30. Rd3 Kh6 31. Qf1 Rg8 32. Rxe6+ fxe6 33. Be4 Be5
34. Qd1 Qf4 35. Qd2 Rf8 36. Bf3 Qxd2 37. Rxd2 Bd4 38. b4 Rf4 39. b5 Kg5 40. Re2
Kf5 41. Bb7 e5 42. Kf1 e4 43. Ke1 Bc3+ 44. Kf1 Bd4 45. a4 e3 46. f3 Ke5 47. a5
Rf7 48. a6 Rf6 49. Kg1 Kf4 50. Kh2 Bc3 51. Kh3 Bd2 52. Bc6 Rh6 53. Be4 Rd6 54.
Bc6 Ba5 55. Be4 Bd8 56. Bd5 Rg6 57. Kh2 Ba5 58. Be4 Rg3 59. Rb2 Bb6 60. Kg1 Ke5
61. Kf1 h3 62. gxh3 Rxh3 63. Rg2 Rh1+ 64. Rg1 e2+ 0-1

[Event "Liga Madrileña - DH 2015-2016"]
[Site "Madrid ESP"]
[Date "2016.02.21"]
[Round "11.32"]
[White "Perez Gonzalez, Jose Manuel"]
[Black "Gallego Jimenez, Victoriano"]
[Result "1/2-1/2"]
[WhiteElo "2340"]
[BlackElo "2362"]
[PlyCount "54"]
[EventDate "2015.11.22"]
[EventType "team-tourn"]
[EventRounds "14"]
[EventCountry "ESP"]
[Source "lmi"]
[SourceDate "2015.11.22"]
[WhiteTeam "Liberty Chess"]
[BlackTeam "La Casa del Ajedrez"]
[WhiteTeamCountry "ESP"]
[BlackTeamCountry "ESP"]

1. e4 c5 2. Nf3 Nc6 3. d4 cxd4 4. Nxd4 Qb6 5. Nb3 Nf6 6. Nc3 e6 7. a3 a6 8. Bf4
e5 9. Be3 Qd8 10. g4 h6 11. f3 d6 12. Qd2 Be6 13. Nd5 Bxd5 14. exd5 Ne7 15. c4
Ng6 16. Be2 Be7 17. O-O-O Nd7 18. Bd3 Nf4 19. Bxf4 exf4 20. Kb1 Qb6 21. Qb4
Qxb4 22. axb4 Ne5 23. Be2 Rc8 24. Rd4 g5 25. h4 O-O 26. hxg5 hxg5 27. Re4 Kg7
1/2-1/2